| Поле | Инд. | ПП | Название | Значение |
|---|---|---|---|---|
| Тип записи | a | |||
| Библиографический уровень | b | |||
| 001 | Контрольный номер | RU/IS/BASE/371746824 | ||
| 005 | Дата корректировки | 20220131152206.3 | ||
| 008 | Кодируемые данные | 20111012 | ||
| 084 | a | Индекс другой классификации/Индекс ББК | 67.401.061.1(2-2Мос) | |
| 100 | 1_ | a | Автор | Двуреченских В. А. |
| q | Полное имя | Двуреченских Виктор Александрович | ||
| 100 | 1_ | a | Автор | Чегринец Е. А. |
| q | Полное имя | Чегринец Егор Алексеевич | ||
| 245 | 10 | a | Заглавие | Новеллы правового статуса Контрольно-счетной палаты Москвы |
| 504 | a | Библиография | Примеч.: с. 139 | |
| 520 | 0_ | a | Аннотация | Федеральное законодательство предоставляет минимальное и недостаточное регулирование правового статуса и деятельности региональных контрольно-счетных органов в России. Основное развитие правового регулирования государственного аудита и региональных контрольно-счетных органов происходит в России на региональном уровне. Описывается процесс принятия и основные положения нового закона г. Москвы "О Контрольно-счетной палате Москвы", включая задачи и полмочия этого органа, его независимость и подотчетность, виды его деятельности и процесс ее планирования. |
| 650 | 04 | a | Основная рубрика | административное право |
| a | Основная рубрика | право | ||
| 653 | 0_ | a | Ключевые слова | О Контрольно-счетной палате Москвы (закон) |
| a | Ключевые слова | государственная власть | ||
| a | Ключевые слова | государственное управление | ||
| a | Ключевые слова | государственный контроль | ||
| a | Ключевые слова | государственный финансовый контроль | ||
| a | Ключевые слова | Контрольно-счетная палата Москвы | ||
| a | Ключевые слова | контрольно-счетные органы | ||
| a | Ключевые слова | Москва | ||
| a | Ключевые слова | Россия | ||
| a | Ключевые слова | федеральное законодательство | ||
| 773 | 18 | t | Заглавие источника | Вопросы государственного и муниципального управления |
| d | Дата издания источника | 2010 | ||
| g | Прочая информация | № 3. - С. 125 - 139 | ||
| w | Контрольный № источника | RU/IS/BASE/340201507 | ||
| 901 | t | Тип документа | b |